[Event "BL2-West 2122"]
[Site "Germany"]
[Date "2022.06.18"]
[Round "7.6"]
[White "Zude, Erik"]
[Black "Wilde, Pierre"]
[Result "1-0"]
[WhiteElo "2380"]
[BlackElo "2262"]
[PlyCount "41"]
[EventDate "2022.03.05"]
[EventType "team-tourn"]
[EventRounds "10"]
[EventCountry "GER"]
[SourceTitle "EXT 2023"]
[Source "ChessBase"]
[SourceDate "2022.10.05"]
[SourceVersion "1"]
[SourceVersionDate "2022.10.05"]
[SourceQuality "1"]
[WhiteTeam "Hofheim"]
[BlackTeam "Muenster"]
[WhiteTeamCountry "GER"]
[BlackTeamCountry "GER"]

1. d4 e6 2. e4 d5 3. exd5 exd5 4. Nf3 Nc6 5. Bb5 Nge7 6. 0-0 a6 7. Be2 Bg4 8. h3 Bh5 9. Re1 Qd6 10. c3 f6 11. Nbd2 Bf7 12. b4 0-0-0 13. Nb3 Nb8 14. Nc5 Nd7 15. Bd3 g6 16. Nd2 Bh6 17. Ndb3 Bxc1 18. Na5 Nxc5 19. bxc5 Qd7 20. Qb3 b5 21. cxb6 1-0

[Event "BL2-West 2122"]
[Site "Germany"]
[Date "2022.05.01"]
[Round "4.6"]
[White "Tkachuk, Sergij"]
[Black "Wilde, Pierre"]
[Result "1-0"]
[WhiteElo "2243"]
[BlackElo "2273"]
[PlyCount "76"]
[EventDate "2022.03.05"]
[EventType "team-tourn"]
[EventRounds "10"]
[EventCountry "GER"]
[SourceTitle "EXT 2023"]
[Source "ChessBase"]
[SourceDate "2022.10.05"]
[SourceVersion "1"]
[SourceVersionDate "2022.10.05"]
[SourceQuality "1"]
[WhiteTeam "Bochum"]
[BlackTeam "Muenster"]
[WhiteTeamCountry "GER"]
[BlackTeamCountry "GER"]

1. e4 e6 2. d4 d5 3. exd5 exd5 4. Nf3 Nc6 5. Bb5 Nge7 6. Ne5 a6 7. Ba4 b5 8. Bb3 Nxe5 9. dxe5 Be6 10. 0-0 Qd7 11. c3 Ng6 12. Re1 Be7 13. Nd2 0-0 14. Nf1 Rad8 15. a4 b4 16. a5 bxc3 17. bxc3 f6 18. Ba4 c6 19. exf6 Bxf6 20. Qd3 Qc8 21. Ba3 Bf5 22. Qd2 Rfe8 23. Bc5 Rxe1 24. Rxe1 Ne5 25. Bd4 Nc4 26. Qf4 Bxd4 27. cxd4 Bg6 28. Ne3 Nxa5 29. Rc1 Bf7 30. Nf5 Qd7 31. Bxc6 Nxc6 32. Rxc6 Re8 33. Rc1 Qe6 34. h3 Bg6 35. Ne3 Rf8 36. Qg5 Be4 37. Rc7 Rf7 38. f3 h6 1-0

[Event "DSOL 02 Liga Gr-A 1st"]
[Site "Playchess.com INT"]
[Date "2020.07.13"]
[Round "4.1"]
[White "Weber, Marc"]
[Black "Wilde, Pierre"]
[Result "1-0"]
[WhiteElo "2180"]
[BlackElo "2225"]
[PlyCount "71"]
[EventDate "2020.06.22"]
[EventType "team-tourn (rapid)"]
[EventCountry "GER"]
[SourceTitle "EXT 2021"]
[Source "ChessBase"]
[SourceDate "2020.10.23"]
[SourceVersion "1"]
[SourceVersionDate "2020.10.23"]
[SourceQuality "1"]
[WhiteTeam "Walldorf"]
[BlackTeam "Muenster"]
[WhiteTeamCountry "GER"]
[BlackTeamCountry "GER"]

1. d4 e6 2. c4 Nf6 3. Nf3 b6 4. g3 Bb7 5. Bg2 Be7 6. 0-0 0-0 7. Re1 d5 8. Nc3 Na6 9. cxd5 exd5 10. Bf4 c5 11. Ne5 Nc7 12. dxc5 bxc5 13. Qa4 Ne6 14. Red1 Qb6 15. Nd7 Qxb2 16. Nxf8 Nxf4 17. gxf4 Bxf8 18. Qb3 Qxb3 19. axb3 Rd8 20. Rxa7 Ba8 21. e3 h6 22. Rda1 Bc6 23. Rc7 Be8 24. Rd1 Rb8 25. Nxd5 Rxb3 26. Nxf6+ gxf6 27. Rc8 Bb5 28. Bc6 Bxc6 29. Rxc6 Rb7 30. Rd8 Kg7 31. Kg2 Be7 32. Rdc8 Rb2 33. R6c7 Bf8 34. f5 Rd2 35. Re8 Rd5 36. Rcc8 1-0

[Event "GER-ch Net blitz qual5"]
[Site "Playchess.com INT"]
[Date "2020.03.28"]
[Round "2"]
[White "Wilde, Pierre"]
[Black "Perestjuk, Marko"]
[Result "0-1"]
[WhiteElo "2273"]
[BlackElo "2126"]
[PlyCount "112"]
[EventDate "2020.03.28"]
[EventType "swiss (blitz)"]
[EventRounds "13"]
[EventCountry "GER"]
[SourceTitle "CBM 195 Extra"]
[Source "ChessBase"]
[SourceDate "2020.05.31"]
[SourceVersion "1"]
[SourceVersionDate "2020.05.31"]
[SourceQuality "1"]

1. c4 e5 2. g3 Nc6 3. Nc3 f5 4. Nf3 Nf6 5. d4 exd4 6. Nxd4 g6 7. Bg2 Bg7 8. 0-0 0-0 9. Nxc6 dxc6 10. Qxd8 Rxd8 11. Bf4 Be6 12. b3 Nh5 13. Rac1 Nxf4 14. gxf4 Rd2 15. e3 Bxc3 16. Rxc3 Rxa2 17. Rd1 Kf7 18. Rcd3 Ke7 19. h4 a5 20. Rb1 Rd8 21. Rxd8 Kxd8 22. c5 Rc2 23. b4 axb4 24. Rxb4 Kc8 25. Ra4 Rxc5 26. Ra8+ Kd7 27. Rh8 h5 28. Rh6 Bf7 29. Rh7 Ke7 30. Rh8 Bd5 31. Rh7+ Ke6 32. Rxc7 Bxg2 33. Kxg2 b5 34. Rg7 Kf6 35. Rb7 Rc4 36. Rb6 b4 37. Kf3 Ke6 38. Rb7 c5 39. Rg7 Kf6 40. Rb7 Rc3 41. Rb6+ Kf7 42. Ke2 b3 43. f3 c4 44. e4 Rc2+ 45. Ke3 b2 46. Rb7+ Ke6 47. Kd4 c3 48. Rb6+ Kd7 49. e5 Rc1 50. e6+ Ke7 51. Ke5 b1Q 52. Rxb1 Rxb1 53. Kd5 c2 54. Kd4 c1Q 55. Kd3 Rb3+ 56. Ke2 Qc2+ 0-1

[Event "GER-ch Net blitz qual3"]
[Site "Playchess.com INT"]
[Date "2020.03.21"]
[Round "7"]
[White "Stein, Robert"]
[Black "Wilde, Pierre"]
[Result "0-1"]
[WhiteElo "2325"]
[BlackElo "2273"]
[PlyCount "120"]
[EventDate "2020.03.21"]
[EventType "swiss (blitz)"]
[EventRounds "9"]
[EventCountry "GER"]
[SourceTitle "CBM 195 Extra"]
[Source "ChessBase"]
[SourceDate "2020.05.31"]
[SourceVersion "1"]
[SourceVersionDate "2020.05.31"]
[SourceQuality "1"]

1. d4 e6 2. c4 Nf6 3. g3 Bb4+ 4. Bd2 Qe7 5. Bg2 Nc6 6. Nf3 Bxd2+ 7. Nbxd2 a5 8. 0-0 d6 9. e4 e5 10. d5 Nb8 11. c5 0-0 12. cxd6 cxd6 13. Rc1 Bg4 14. Qb3 Bxf3 15. Bxf3 Na6 16. Rc4 Nc5 17. Qb5 Qd7 18. Qxd7 Nfxd7 19. Rfc1 b5 20. R4c3 Nf6 21. Be2 Rab8 22. f3 Nfd7 23. R3c2 g6 24. Kf2 f5 25. Ke3 f4+ 26. Kf2 Kf7 27. g4 g5 28. h4 h6 29. Rh1 Rh8 30. Rcc1 Nf6 31. Nb3 Nxb3 32. axb3 Rhc8 33. Rc6 Rxc6 34. dxc6 d5 35. Ra1 dxe4 36. hxg5 e3+ 37. Kg2 hxg5 38. Rxa5 Ke6 39. Bxb5 Kd6 40. Ba4 Nd5 41. Ra7 Nc7 42. Kf1 Rb4 43. Ke2 Rd4 44. Ke1 Rd2 45. Ra5 e4 46. fxe4 f3 47. Rf5 f2+ 48. Kf1 Rd1+ 49. Kg2 Rg1+ 50. Kh2 f1Q 51. e5+ Ke6 52. Rxf1 Rxf1 53. b4 e2 54. Bb3+ Kxe5 55. Bc4 e1Q 56. Bxf1 Qxf1 57. Kg3 Qf4+ 58. Kh3 Ke4 59. b5 Kf3 60. b6 Qg3# 0-1

[Event "GER-ch Net blitz qual3"]
[Site "Playchess.com INT"]
[Date "2020.03.21"]
[Round "6"]
[White "Wilde, Pierre"]
[Black "Junge, Kai"]
[Result "1-0"]
[WhiteElo "2273"]
[BlackElo "2184"]
[PlyCount "70"]
[EventDate "2020.03.21"]
[EventType "swiss (blitz)"]
[EventRounds "9"]
[EventCountry "GER"]
[SourceTitle "CBM 195 Extra"]
[Source "ChessBase"]
[SourceDate "2020.05.31"]
[SourceVersion "1"]
[SourceVersionDate "2020.05.31"]
[SourceQuality "1"]

1. c4 Nf6 2. g3 g6 3. Bg2 Bg7 4. Nc3 0-0 5. e4 d6 6. Nge2 c5 7. 0-0 Nc6 8. d3 a6 9. h3 Bd7 10. Be3 Rb8 11. a4 Ne8 12. d4 cxd4 13. Nxd4 Nxd4 14. Bxd4 Nf6 15. a5 Bc6 16. Re1 Re8 17. Nd5 Nxd5 18. exd5 Bd7 19. Bxg7 Kxg7 20. Qd4+ Kg8 21. Re3 Rc8 22. b4 Qc7 23. Rc3 e5 24. Qb6 f5 25. c5 Bb5 26. Rac1 Qxb6 27. axb6 dxc5 28. bxc5 e4 29. c6 bxc6 30. dxc6 a5 31. Bf1 Bxf1 32. Kxf1 a4 33. c7 a3 34. b7 Rxc7 35. Rxc7 a2 1-0

[Event "Oberliga NRW 1819"]
[Site "Germany"]
[Date "2018.09.16"]
[Round "1.4"]
[White "Straeter, Timo"]
[Black "Wilde, Pierre"]
[Result "0-1"]
[WhiteElo "2357"]
[BlackElo "2284"]
[PlyCount "58"]
[EventDate "2018.09.16"]
[EventType "team-tourn"]
[EventRounds "9"]
[EventCountry "GER"]
[SourceTitle "EXT 2020"]
[Source "ChessBase"]
[SourceDate "2019.10.17"]
[SourceVersion "1"]
[SourceVersionDate "2019.10.17"]
[SourceQuality "1"]
[WhiteTeam "Wattenscheid"]
[BlackTeam "Muenster"]
[WhiteTeamCountry "GER"]
[BlackTeamCountry "GER"]

1. d4 e6 2. e4 d5 3. exd5 exd5 4. Nf3 Bd6 5. c4 c6 6. Nc3 Ne7 7. Bd3 dxc4 8. Bxc4 0-0 9. h3 Nd7 10. 0-0 Nb6 11. Bb3 Bf5 12. Re1 Nbd5 13. Bd2 Re8 14. Ng5 h6 15. Nge4 Bc7 16. Qf3 Bg6 17. Nc5 Qd6 18. g3 b6 19. Nxd5 Nxd5 20. Nd3 Qd7 21. Rac1 Rxe1+ 22. Bxe1 Re8 23. Kh2 Be4 24. Qe2 Bf5 25. Qf3 Be4 26. Qe2 Nf6 27. Ne5 Bxe5 28. dxe5 Rxe5 29. Bc3 Bg2 0-1

[Event "NRW Class2 1516"]
[Site "Germany"]
[Date "2015.12.20"]
[Round "4.2"]
[White "Kartsev, Soel"]
[Black "Wilde, Pierre"]
[Result "1/2-1/2"]
[WhiteElo "2224"]
[BlackElo "2235"]
[PlyCount "159"]
[EventDate "2015.09.27"]
[EventType "team-tourn"]
[EventRounds "9"]
[EventCountry "GER"]
[SourceTitle "EXT 2017"]
[Source "ChessBase"]
[SourceDate "2016.10.25"]
[SourceVersion "1"]
[SourceVersionDate "2016.10.25"]
[SourceQuality "1"]
[WhiteTeam "Sodingen"]
[BlackTeam "Neuenkirchen"]
[WhiteTeamCountry "GER"]
[BlackTeamCountry "GER"]

1. c4 e6 2. g3 Nf6 3. Nf3 b6 4. Bg2 Bb7 5. 0-0 c5 6. Nc3 d6 7. d4 cxd4 8. Qxd4 a6 9. Bg5 Nbd7 10. Rfd1 Be7 11. Nd2 Bxg2 12. Kxg2 0-0 13. Nde4 Qc7 14. Rac1 Rad8 15. f3 h6 16. Nxf6+ Nxf6 17. Be3 Rb8 18. b3 Qb7 19. a4 Rfd8 20. Bf2 Nd7 21. Rc2 Nc5 22. b4 Nd7 23. h3 Ne5 24. Be3 Rdc8 25. Ne4 Nxc4 26. Rxc4 Rxc4 27. Qxc4 d5 28. Qc2 dxe4 29. b5 axb5 30. axb5 exf3+ 31. exf3 Rc8 32. Qe4 Qxe4 33. fxe4 Rc2+ 34. Kf3 Bc5 35. Bxc5 Rxc5 36. Rb1 g6 37. h4 Kg7 38. Ke3 Kf6 39. Kd4 h5 40. Rb2 e5+ 41. Kd3 Ke6 42. Rb1 Kd6 43. Rf1 Ke6 44. Rb1 f5 45. Rb3 Rc1 46. Ra3 fxe4+ 47. Kxe4 Rc4+ 48. Kf3 Rb4 49. Ra8 Rxb5 50. Re8+ Kf7 51. Rb8 Rb4 52. Ke3 Ke6 53. Kf3 Rb3+ 54. Ke4 Rb4+ 55. Kf3 Kd5 56. Rd8+ Kc5 57. Rc8+ Kb5 58. Re8 Rg4 59. Rxe5+ Kc4 60. Re3 b5 61. Ke2 b4 62. Kd2 Rd4+ 63. Kc2 Rd6 64. Re4+ Kb5 65. g4 hxg4 66. Rxg4 Ka4 67. Rg3 Rf6 68. Kb2 Rf2+ 69. Kb1 Rf6 70. Kb2 Rb6 71. Rg5 Rf6 72. Rg3 Rf2+ 73. Kb1 Rh2 74. Rxg6 Ka3 75. Rg1 b3 76. h5 Rxh5 77. Rf1 Rh3 78. Rg1 b2 79. Rf1 Rc3 80. Rg1 1/2-1/2

[Event "NRW Class2 1415"]
[Site "Germany"]
[Date "2015.03.01"]
[Round "7.2"]
[White "Wilde, Pierre"]
[Black "Kartsev, Alexandr"]
[Result "1-0"]
[WhiteElo "2233"]
[BlackElo "2170"]
[PlyCount "55"]
[EventDate "2014.09.14"]
[EventType "team-tourn"]
[EventRounds "9"]
[EventCountry "GER"]
[SourceTitle "EXT 2017"]
[Source "ChessBase"]
[SourceDate "2016.10.25"]
[SourceVersion "1"]
[SourceVersionDate "2016.10.25"]
[SourceQuality "1"]
[WhiteTeam "Neuenkirchen"]
[BlackTeam "Castrop Rauxel"]
[WhiteTeamCountry "GER"]
[BlackTeamCountry "GER"]

1. c4 c5 2. g3 Nf6 3. Bg2 g6 4. Nc3 Bg7 5. Nf3 0-0 6. d4 cxd4 7. Nxd4 d6 8. 0-0 a6 9. b3 Ra7 10. Bb2 b6 11. Rc1 Bb7 12. e4 Nbd7 13. Qd2 Ba8 14. Rfd1 Re8 15. f3 Qb8 16. Qf2 Nc5 17. Nc2 Nfd7 18. Ne3 b5 19. b4 Ne6 20. Ncd5 Ne5 21. f4 Nxc4 22. Nxc4 bxc4 23. Bxg7 Nxg7 24. Rxc4 a5 25. bxa5 Rxa5 26. Rdc1 Ne6 27. Rc8 Qxc8 28. Rxc8 1-0

[Event "NRW Class2 1314"]
[Site "Germany"]
[Date "2014.04.06"]
[Round "8.4"]
[White "Verstraeten, Reinaert"]
[Black "Wilde, Pierre"]
[Result "1-0"]
[WhiteElo "2263"]
[BlackElo "2241"]
[PlyCount "77"]
[EventDate "2013.09.15"]
[EventType "team-tourn"]
[EventRounds "9"]
[EventCountry "GER"]
[SourceTitle "EXT 2015"]
[Source "ChessBase"]
[SourceDate "2014.11.20"]
[SourceVersion "1"]
[SourceVersionDate "2014.11.20"]
[SourceQuality "1"]
[WhiteTeam "Wuerselen"]
[BlackTeam "Neuenkirchen"]
[WhiteTeamCountry "GER"]
[BlackTeamCountry "GER"]

1. d4 e6 2. c4 Nf6 3. Nc3 Bb4 4. e3 c5 5. Nge2 cxd4 6. exd4 0-0 7. c5 d6 8. a3 Bxc3+ 9. Nxc3 dxc5 10. dxc5 Qc7 11. Be3 Rd8 12. Qf3 Bd7 13. Be2 Bc6 14. Qh3 b6 15. cxb6 axb6 16. 0-0 Nbd7 17. Rac1 Qb7 18. Qg3 Nc5 19. Rfd1 Nce4 20. Nxe4 Nxe4 21. Qh4 Rxd1+ 22. Rxd1 Nf6 23. Bd4 Ne8 24. Rd3 Bd5 25. Rh3 h6 26. Rg3 Qc7 27. Bc3 Kh7 28. Bd3+ f5 29. Qh5 Kg8 30. Bb5 Bc6 31. Bxc6 Qxc6 32. Qxh6 Ra7 33. Qh5 Nd6 34. Rh3 Ne8 35. Qh7+ Kf7 36. Rg3 Qe4 37. h3 Rd7 38. Bxg7 Rd1+ 39. Kh2 1-0

[Event "NRW Class2 1314"]
[Site "Germany"]
[Date "2014.02.02"]
[Round "6.4"]
[White "Prueske, Wolfgang"]
[Black "Wilde, Pierre"]
[Result "1/2-1/2"]
[WhiteElo "2050"]
[BlackElo "2241"]
[PlyCount "62"]
[EventDate "2013.09.15"]
[EventType "team-tourn"]
[EventRounds "9"]
[EventCountry "GER"]
[SourceTitle "EXT 2015"]
[Source "ChessBase"]
[SourceDate "2014.11.20"]
[SourceVersion "1"]
[SourceVersionDate "2014.11.20"]
[SourceQuality "1"]
[WhiteTeam "Dortmund Hansa II"]
[BlackTeam "Neuenkirchen"]
[WhiteTeamCountry "GER"]
[BlackTeamCountry "GER"]

1. e4 c5 2. Nf3 e6 3. d3 Nc6 4. g3 g6 5. Bg2 Bg7 6. 0-0 Nge7 7. c3 e5 8. Be3 d6 9. a3 0-0 10. b4 b6 11. Nbd2 h6 12. b5 Na5 13. Nc4 Nxc4 14. dxc4 Be6 15. Nd2 a6 16. a4 Ra7 17. Qc2 f5 18. f3 f4 19. Bf2 h5 20. Rfd1 Bh6 21. Qd3 Qc7 22. Nf1 Nc8 23. gxf4 Bxf4 24. Be3 Qf7 25. Nd2 Qf6 26. Bxf4 exf4 27. a5 axb5 28. axb6 Rxa1 29. Rxa1 Nxb6 30. cxb5 Qe5 31. Ra6 Rb8 1/2-1/2

[Event "NRW Class2 1314"]
[Site "Germany"]
[Date "2013.11.17"]
[Round "3.4"]
[White "Wilde, Pierre"]
[Black "Roemhild, Marcus"]
[Result "1-0"]
[WhiteElo "2241"]
[BlackElo "2010"]
[PlyCount "115"]
[EventDate "2013.09.15"]
[EventType "team-tourn"]
[EventRounds "9"]
[EventCountry "GER"]
[SourceTitle "EXT 2015"]
[Source "ChessBase"]
[SourceDate "2014.11.20"]
[SourceVersion "1"]
[SourceVersionDate "2014.11.20"]
[SourceQuality "1"]
[WhiteTeam "Neuenkirchen"]
[BlackTeam "Lippstadt Turm"]
[WhiteTeamCountry "GER"]
[BlackTeamCountry "GER"]

1. c4 c5 2. g3 g6 3. Bg2 Bg7 4. Nc3 Nc6 5. Nf3 e6 6. d3 Nge7 7. Bg5 h6 8. Bd2 0-0 9. a3 d5 10. 0-0 b6 11. Rb1 Rb8 12. b4 cxb4 13. axb4 dxc4 14. dxc4 Bb7 15. Qc1 Kh7 16. Rd1 Qc8 17. Nb5 Rd8 18. Be1 Nf5 19. g4 Nfd4 20. Nfxd4 Nxd4 21. Nxd4 Bxg2 22. Kxg2 Bxd4 23. Qf4 Qb7+ 24. f3 Bg7 25. Bf2 e5 26. Qe4 Qe7 27. c5 Qe6 28. Rxd8 Rxd8 29. Rc1 bxc5 30. bxc5 f5 31. Qc4 Qc6 32. e4 fxg4 33. fxg4 Rd4 34. Bxd4 Qxe4+ 35. Kf1 exd4 36. Rc2 Qh1+ 37. Ke2 Qg1 38. Qe6 Qxh2+ 39. Kd3 Qg3+ 40. Kc4 Qf4 41. c6 Qf1+ 42. Re2 Qc1+ 43. Kd5 Qc3 44. Kd6 d3 45. Re1 d2 46. Rd1 Qd4+ 47. Ke7 Qb4+ 48. Ke8 Qb8+ 49. Kd7 Qb4 50. Kc8 Qa5 51. Qd7 Qa6+ 52. Kb8 Qb6+ 53. Ka8 a5 54. Rxd2 Qa6+ 55. Kb8 Qb6+ 56. Qb7 Qc5 57. c7 Be5 58. Ka8 1-0

[Event "NRW Class2 1213"]
[Site "Germany"]
[Date "2013.03.10"]
[Round "7.4"]
[White "Wilde, Pierre"]
[Black "Rybarczyk, Klaus"]
[Result "1-0"]
[WhiteElo "2253"]
[BlackElo "2088"]
[PlyCount "53"]
[EventDate "2012.09.16"]
[EventType "team-tourn"]
[EventRounds "9"]
[EventCountry "GER"]
[SourceTitle "EXT 2017"]
[Source "ChessBase"]
[SourceDate "2016.10.25"]
[SourceVersion "1"]
[SourceVersionDate "2016.10.25"]
[SourceQuality "1"]
[WhiteTeam "Neuenkirchen"]
[BlackTeam "Niederkassel"]
[WhiteTeamCountry "GER"]
[BlackTeamCountry "GER"]

1. c4 Nf6 2. g3 c6 3. Bg2 d5 4. Nf3 Bf5 5. cxd5 cxd5 6. Qb3 Qb6 7. Qxb6 axb6 8. Nc3 e6 9. d3 Nc6 10. 0-0 h6 11. Nb5 Ra5 12. Nbd4 Bh7 13. Bd2 Ra8 14. Rfc1 Nxd4 15. Nxd4 Bc5 16. Nb5 Ke7 17. d4 Bd6 18. Nxd6 Kxd6 19. Bf4+ Ke7 20. Rc7+ Nd7 21. Rxb7 Rhc8 22. Bc7 Ke8 23. Bf1 Bc2 24. Rc1 Ba4 25. e3 Nb8 26. Rc3 Bc6 27. Rxb8 1-0

[Event "NRW Class2 1213"]
[Site "Germany"]
[Date "2012.10.21"]
[Round "2.4"]
[White "Wilde, Pierre"]
[Black "Van Lanen, Toon"]
[Result "1/2-1/2"]
[WhiteElo "2253"]
[BlackElo "2123"]
[PlyCount "68"]
[EventDate "2012.09.16"]
[EventType "team-tourn"]
[EventRounds "9"]
[EventCountry "GER"]
[SourceTitle "EXT 2017"]
[Source "ChessBase"]
[SourceDate "2016.10.25"]
[SourceVersion "1"]
[SourceVersionDate "2016.10.25"]
[SourceQuality "1"]
[WhiteTeam "Neuenkirchen"]
[BlackTeam "Gerresheim"]
[WhiteTeamCountry "GER"]
[BlackTeamCountry "GER"]

1. c4 e5 2. g3 Nc6 3. Nc3 g6 4. Bg2 Bg7 5. e4 d6 6. Nge2 Nge7 7. d3 0-0 8. 0-0 Be6 9. Nd5 f5 10. Be3 Qd7 11. Qd2 Rae8 12. Rac1 Nd4 13. Nxd4 exd4 14. Bg5 Nc6 15. f4 Nd8 16. Rfe1 c6 17. exf5 Rxf5 18. Nb4 Rff8 19. Nc2 Nf7 20. Bh4 Nh6 21. Bg5 Nf5 22. Be4 h6 23. Bxf5 Bxf5 24. Bh4 Rxe1+ 25. Rxe1 Re8 26. b3 Re6 27. Kf2 Kf7 28. Rxe6 Qxe6 29. Qe2 Qxe2+ 30. Kxe2 Ke8 31. Na3 Bg4+ 32. Ke1 Bf5 33. Ke2 Bg4+ 34. Ke1 Bf5 1/2-1/2